Possessing the Nations: Immigration and the Changing Landscape of the Church in Scotland

The landscape of Christianity in Britain has changed significantly in the last sixty years. The presence and influence of old and established church institutions have significantly diminished, but many new groups have emerged to keep the heritage of the church alive. This mixed-methods study present...

Full description

Saved in:  
Bibliographic Details
Main Author: Akomiah-Conteh, Sheila (Author)
Format: Electronic Article
Language:English
Check availability: HBZ Gateway
Interlibrary Loan:Interlibrary Loan for the Fachinformationsdienste (Specialized Information Services in Germany)
Published: 2023
In: International bulletin of mission research
Year: 2023, Volume: 47, Issue: 2, Pages: 191-203
Further subjects:B diaspora missiology
B Scottish Christianity
B Immigration
B ethnic minority churches
B new churches
Online Access: Volltext (lizenzpflichtig)

MARC

LEADER 00000naa a22000002c 4500
001 1842038435
003 DE-627
005 20230412055513.0
007 cr uuu---uuuuu
008 230412s2023 xx |||||o 00| ||eng c
024 7 |a 10.1177/23969393221124350  |2 doi 
035 |a (DE-627)1842038435 
035 |a (DE-599)KXP1842038435 
040 |a DE-627  |b ger  |c DE-627  |e rda 
041 |a eng 
084 |a 0  |a 1  |2 ssgn 
100 1 |a Akomiah-Conteh, Sheila  |e VerfasserIn  |4 aut 
245 1 0 |a Possessing the Nations: Immigration and the Changing Landscape of the Church in Scotland 
264 1 |c 2023 
336 |a Text  |b txt  |2 rdacontent 
337 |a Computermedien  |b c  |2 rdamedia 
338 |a Online-Ressource  |b cr  |2 rdacarrier 
520 |a The landscape of Christianity in Britain has changed significantly in the last sixty years. The presence and influence of old and established church institutions have significantly diminished, but many new groups have emerged to keep the heritage of the church alive. This mixed-methods study presents the changes that have occurred in the Christian landscape of the City of Glasgow in Scotland in recent years. It reports the formation of 110 new churches in Glasgow between 2000 and 2016 and the key role of international immigration in boosting theological diversity and numerical church growth in the Christian landscape of contemporary Scotland. 
601 |a Church of Scotland 
650 4 |a Scottish Christianity 
650 4 |a ethnic minority churches 
650 4 |a new churches 
650 4 |a diaspora missiology 
650 4 |a Immigration 
773 0 8 |i Enthalten in  |t International bulletin of mission research  |d London : Sage Publishing, 2016  |g 47(2023), 2, Seite 191-203  |h Online-Ressource  |w (DE-627)341354112  |w (DE-600)2068141-0  |w (DE-576)266225314  |x 2396-9407  |7 nnas 
773 1 8 |g volume:47  |g year:2023  |g number:2  |g pages:191-203 
856 4 0 |u https://doi.org/10.1177/23969393221124350  |x Resolving-System  |z lizenzpflichtig  |3 Volltext  |7 1 
935 |a mteo 
951 |a AR 
ELC |a 1 
ITA |a 1  |t 1 
LOK |0 000 xxxxxcx a22 zn 4500 
LOK |0 001 4307649818 
LOK |0 003 DE-627 
LOK |0 004 1842038435 
LOK |0 005 20230412055513 
LOK |0 008 230412||||||||||||||||ger||||||| 
LOK |0 035   |a (DE-Tue135)IxTheo#2023-04-11#665085838C2D71EDB4F36E03B785763DE0C24928 
LOK |0 040   |a DE-Tue135  |c DE-627  |d DE-Tue135 
LOK |0 092   |o n 
LOK |0 852   |a DE-Tue135 
LOK |0 852 1  |9 00 
LOK |0 935   |a ixzs  |a zota 
LOK |0 939   |a 12-04-23  |b l01 
ORI |a SA-MARC-ixtheoa001.raw 
REL |a 1 
SUB |a REL